00931cam a22002655a 45000010009000000050017000090080041000260200029000670200015000960400033001110820022001441000029001662450057001952500012002522600048002643000034003125000024003465040041003706500060004116510010004716530022004819420008005039990017005119520137005281788810920160413141813.0130916t2014 nyua frb 001 0 eng d a9780071819800 (hardback) a0071819800 aDLCcDLCdDLCdEG-ScBUEbeng04a660.2815222bERW1 aErwin, Douglas L.93981710aIndustrial chemical process design /cDouglas Erwin. a2nd ed. aNew York :bMcGraw-Hill Education,cc.2014. axvi, 414 p. :bill. ;c25 cm. aIndex : p. 397-414. aIncludes bibliographical references. 7aChemical process controlxData processing.2BUEsh96078 2BUEsh bENGGENcApril2016 2ddc c21622d21594 00102ddc40708AlahramaMAINbMAINc1STd2016-04-13ePurchaseg773.00l0o660.2815 ERWp000032328r2025-07-15 00:00:00v966.25yBB